Balance de las transformaciones industriales y tecnológicas en los países CEE durante la última década /
sin resumen
Sábháilte in:
| Príomhchruthaitheoir: | |
|---|---|
| Rannpháirtithe: | , |
| Formáid: | Téacs |
| Teanga: | Spanish |
| Clibeanna: |
Cuir clib leis
Níl clibeanna ann, Bí ar an gcéad duine le clib a chur leis an taifead seo!
|
MARC
| LEADER | 00000 a a2200000 04500 | ||
|---|---|---|---|
| 001 | 5076 | ||
| 003 | cru CIDCACS/IIS | ||
| 005 | 20201104165652.0 | ||
| 008 | 201104b ||||| |||| 00| 0 spa d | ||
| 999 | |c 20623 |d 20623 | ||
| 040 | |c CRAI/IIS | ||
| 100 | |a Covino, A. | ||
| 245 | |a Balance de las transformaciones industriales y tecnológicas en los países CEE durante la última década / |c A. Covino | ||
| 246 | 3 | |a La transformación industrial y tecnológica de los países de la comunidad económica europea y su influencia sobre América Latina | |
| 520 | |a sin resumen | ||
| 700 | |a Salemi, P. | ||
| 700 | |a Pietrobelli, C. | ||
| 773 | |g número 9; páginas 13-52 | ||
| 773 | 0 | |0 43348 |9 5004 |a Programa de las Naciones Unidas para el Desarrollo |d Santiago, Chile: PNUD; CEPAL |o MFN: 1413 |t Documento de Trabajo/ | |
| 942 | |2 ddc |c PP | ||
